000 00596nam a22001817a 4500
999 _c192294
_d192294
005 20220922114245.0
010 _aENG-135100
020 _a9789382974581
_c995.00
035 _aEN-118632
037 _bDBAD/PUB
082 _a338.90091724
100 _aGhosal,Surajit
245 _aAn inquiry in to The Next Global Economies /
_cby Surajit Ghosal
260 _aDelhi
_bNavyug Books International
_c2017
270 _aK-129,3-1/2 Pusta Main Road,Near Shiv Om Jewallers Gautam vihar,
_bDelhi
_e110053
300 _axiii,293p.
_c22cm(Hb)
942 _2ddc
_cEN
_h338.90091724
_mGHO